Réseau sociaux /social media - Statistiques

Statistiques générales
  • Ce quiz a été pris 223 fois
  • Le résultat moyen est 9 sur 20
Statistiques - réponses
Hint Réponse % Correct
4 Instagram
99%
1 Facebook
98%
12 Snapchat
96%
6 Tiktok
88%
16 X
83%
3 Whatsapp
72%
2 YouTube
70%
7 Messenger
60%
13 Telegram
44%
14 Pinterest
40%
20 Discord
34%
15 LinkedIn
34%
17 Reddit
20%
19 Teams
8%
5 Wechat
4%
18 Quora
3%
8 Douyin
1%
11 Kuaishou
1%
9 QQ
1%
10 Sina weibo
0%
Aucun quiz correspondant
Distribution des résultats
% des personnes avec chaque résultat
Percentile par nombre de réponses
Votre historique - résultats
Vous n’avez pas pris ce quiz